000 01005nam0a22003019 4500
001 RU\NLR\b_ik\17405
005 20250616224259.0
035 _a(NLR Aleph) 002092270
090 _a4959525
_c4959525
100 _a19950127d1968 |||y0rusy50 ca
101 0 _arus
102 _aRU
105 _aab |||||||||
200 1 _aProblems in African history
_fEd. by Robert O. Collins
210 _aEnglewood Cliffs (N.J.)
_cPrentice-Hall
_dcop. 1968
215 _aIX, 374c.
_cсхем., карт.
_d23
541 0 _aПроблемы африканской истории.
607 _aАфриканские страны
_xИстория
_9941368
_3RU\NLR\AUTH\6629709
686 0 _aТ3(6)0,02
_2rubbk
702 1 _aCollins
_bRobert Oakley
_4340
801 0 _aRU
_bNLR
_c20011010
_gPSBO
801 1 _aRU
_bNLR
_c20011016
852 _aNLR
_jИ87 Д-5/273
942 _cBOOK
980 _aNB